Greatest Novels of Mark Twain (Record no. 10985)

MARC details
000 -LEADER
fixed length control field 00372nam a22001577a 4500
003 - CONTROL NUMBER IDENTIFIER
control field OSt
008 - FIXED-LENGTH DATA ELEMENTS--GENERAL INFORMATION
fixed length control field 210814b ||||| |||| 00| 0 eng d
020 ## - INTERNATIONAL STANDARD BOOK NUMBER
International Standard Book Number 9789388810456
082 ## - DEWEY DECIMAL CLASSIFICATION NUMBER
Classification number 820.32
Item number TWG
100 G# - MAIN ENTRY--PERSONAL NAME
Personal name TWAIN, Mark
245 ## - TITLE STATEMENT
Title Greatest Novels of Mark Twain
260 ## - PUBLICATION, DISTRIBUTION, ETC. (IMPRINT)
Place of publication, distribution, etc New Delhi
Name of publisher, distributor, etc Fingerprint Pub.
Date of publication, distribution, etc 2020
300 ## - PHYSICAL DESCRIPTION
Extent 984
650 ## - SUBJECT ADDED ENTRY--TOPICAL TERM
Topical term or geographic name as entry element Novel
942 ## - ADDED ENTRY ELEMENTS (KOHA)
Source of classification or shelving scheme Dewey Decimal Classification
Koha item type Text Books
Holdings
Withdrawn status Lost status Source of classification or shelving scheme Damaged status Not for loan Collection code Home library Current library Date acquired Source of acquisition Currency Cost, normal purchase price Bill Number Total Checkouts Full call number Acc. no. / Barcode Date last seen Actual Cost, discounted price Bill Date Koha item type Public note
    Dewey Decimal Classification     GENERAL PIET C-LIBRARY PIET C-LIBRARY 25/09/2021 Prism Books and Stationery Shop IN Rupees 799.00 GST-IN284   820.32 TWG 33260 30/09/2021 639.20 25/09/2021 Text Books Stories and Novels

Design & Developed by: PIET Central Library
R70 Miles Stone Pattikalyana Samalkha Panipat 132102
mail ID :- [email protected], Phone No:- 0180-2569700 Ex.216